000
00341nam a22001337a 4500
005
20251108173229.0
008
250721s9999 xx 000 0 eng d
100
1
_a
باشا، محمد رجب
245
1
0
_a
Stories for our Kids /
264
1
_a
دمشق :
_b
دار الرفاعي,
300
_a
8 مج
942
_2
ddc
_c
BK
999
_c
99071
_d
99071